000 00671cam a2200217ua 4500
001 9750
008 160818n ii |||gr||||Z||||||eng
020 _a9788186772355
040 _cMAIN
041 _aeng
082 _a030
100 _aBora, Swapnali,
_eAuthor.
245 _aEncyclopaedic studies of North-Eastern states of India :
_bManipur /
_cby Swapnali Bora .
250 _a1st ed. /
_bEncyclopaedia of Indian states and Union Territories- 3.
260 _aNew Delhi:
_bNew academic publishers,
_c2010.
300 _a244p.
653 _aGeneral encyclopedic works
700 _aTourangbam, Deke,
_eAuthor.
700 _aMeitei, A.C.,
_eAuthor.
942 _cBK
999 _c8761
_d8761